000 00597nam a2200193 4500
001 121232
003 ES-MaACL
007 t|
008 070214s1971 fr r ||||1| fre d
100 1 _aPonteil, Félix.
_993055
245 1 4 _aLes bourgeois et la démocratie sociale
_b: 1914-1968 /
_cFélix Ponteil.
260 _aParis :
_bAlbin Michel,
_c1971.
300 _a560 p. ;
_c18 cm.
490 1 _aL'evolution de l'humanité ;
_v32
830 0 _aL'evolution de l'humanité ;
_v32
_9181507
852 _aES-MaACL
_jE-5710
_bR.90033
852 _aES-MaACL
_jE-5711
_bR.89801
999 _c121232
_d121232